Quiz do Togo - Statistics

Estatísticas Gerais
  • Esse quiz foi jogado 413 vezes
  • A pontuação média é 9 de 17
Estatísticas das Respostas
Dica Resposta % Correto
Língua oficial Francês
92%
Países fazendo fronteira com o Togo Benim
91%
Países fazendo fronteira com o Togo Gana
89%
Países fazendo fronteira com o Togo Burkina Faso
87%
País que colonizou o Togo entre 1884 e 1916 Alemanha
79%
Togo faz fronteira com este golfo oceânico Golfo da {Guiné}
76%
Capital Lomé
67%
Área histórica que inclui a costa do Togo, nomeado para um tipo de comércio cruel Costa dos {Escravos}
64%
Fruto que que representa mais de 20% das exportações do Togo Cacau
57%
Nome colonial do Togo Togo{lândia}
39%
Togo tem a maior porcentagem da população que seguem esta religião, entre outros países africanos {Anim}ismo
29%
Terceira maior cidade Sokodé
24%
Segunda maior cidade Kara
23%
Togo é o quinto maior produtor do mundo desta colheita africana Inhame
22%
Rio mais longo Rio Mono
20%
Línguas nativas mais faladas Ewe
16%
Línguas nativas mais faladas Kabiyé
14%
Nenhum quiz correspondente encontrado
Distribuição das Pontuações
Porcentagem de Pessoas com Cada Pontuação
Percentil de Números Respondidos
Sua Pontuação Histórica
Você não jogou esse quiz